01554cam a2200457 i 450000100090000000300040000900500170001300800410003001000170007101500190008801600180010702000180012503500240014304000600016704200140022705000240024108200170026510000260028224500680030826400310037630000290040733600210043633700250045733800230048249000470050550400410055265000260059365000290061965000270064865000260067565000260070165000340072765000280076165000290078965000310081865000530084965000520090265000550095465000520100977600350106122236240OSt20250610123252.0210916s2022 cau b 000 0 eng d a 2021947305 aGBC1F85272bnb7 a0203349862Uk a9780143461777 a(OCoLC)on1272896101 aUKMGBbengerdacUKMGBdOCLCOdUKMGBdOCLCFdOCLCOdDLC alccopycat00aHF5549.A7bA63 202204a658.3bANA/M1 aAnand, Payaleauthor.10aMastering behaviour :bmanaging self and others /cPayal Anand. 1aLos Angeles :bSAGE,c2022 axiv, 184 pages ;c22 cm. atext2rdacontent aunmediated2rdamedia avolume2rdacarrier0 aSAGE IIM-Kozhikode series for new managers aIncludes bibliographical references. 0aPersonnel management. 0aOrganizational behavior. 0aEmployeesxPsychology. 0aIndustrial relations. 6aPersonnelxDirection. 6aComportement organisationnel. 6aPersonnelxPsychologie. 6aRelations industrielles. 7aindustrial relations.2aat 7aEmployeesxPsychology.2fast0(OCoLC)fst00909170 7aIndustrial relations.2fast0(OCoLC)fst00971609 7aOrganizational behavior.2fast0(OCoLC)fst01047801 7aPersonnel management.2fast0(OCoLC)fst0105879708iebook version :z9789354791437